000 02818nam a22001577a 4500
041 _aukr
080 _a09
090 _bГОН
100 _aГонгало В.С.
245 _aТипові образи в текстах пісень британської групи "Beatles" (семантико-когнітивний аналіз лексики)
260 _aОстог
_bКАФ
_c2009
300 _a100
520 _aВСТУП РОЗДІЛ 1 ПІСЕННИЙ ТЕКСТ ЯК ОБЄКТ ЛІНГВІСТИЧНОГО АНАЛІЗУ 1.1 Поняття пісенного тексту. 1.1.1 Визначення поняття пісенного тексту. 1.1.2 Функції пісні та емоційність її тексту. 1.1.3 Відмінність пісні від прозового твору. 1.2 Рівні актуалізації лінгвістичних засобів у пісенному тексті. 1.2.1 Фоно-графічний та морфемний рівні. 1.2.2 Лексичний рівень. РОЗДІЛ 2 ВИКОРИСТАННЯ ЛЕКСИЧНИХ СТИЛІСТИЧНИХ ЗАСОБІВ У ТЕКСТАХ ПІСЕНЬ ГРУПИ "BEATLES" 2.1 Лексико-семантичні стилістичні засоби у пісенних текстах групи "Beatles". 2.1.1 Фігури заміщення. 2.1.2 Фігури комбінації. 2.2 Інші засоби увиразнення у пісенних текстах групи "Beatles": повтор, скорочення, ідіома. РОЗДІЛ 3 КОГНІТИВНИЙ ПІДХІД ДО АНАЛІЗУ ЛЕКСИКИ НА ПОЗНАЧЕННЯ КОНЦЕПТІВ 3.1 Когнітивна лінгвістика. 3.1.1 Поняття когнітивної лінгвістики. 3.1.2 Когнітивна семантика як розділ когнітивної лінгвістики. 3.2 Концептуальний аналіз. 3.2.1 Поняття концепту як одиниці концептосфери. 3.2.2 Формування концептів. 3.2.3 Вербалізація концепту. 3.2.4 Типи концептів. РОЗДІЛ 4 КОГНІТИВНИЙ АНАЛІЗ ЛЕКСИЧНИХ ОДИНИЦЬ В ТЕКСТАХ ПІСЕНЬ ГРУПИ "BEATLES" 4.1 Концепт КОХАННЯ. 4.1.1 Концепт КОХАННЯ як культурний концепт. 4.1.2 Лексико-семантичне вираження концепту кохання. 4.2 Концепт ЩАСТЯ. 4.3 Концепт СВОБОДА. 4.4 Концепт ГРОШІ. 4.5 Інші образи у піснях групи "Beatles". ВИСНОВКИ
_0пісенний текст,концепти,Beatles
650 _aResearch Papers
999 _c284170
_d284170
942 _cBK